000 00436nam a2200181Ia 4500
005 20250603144920.0
008 250603s9999 xx 000 0 und d
020 _a9789352691623
050 _aJZ 1305 .S56/
100 _aSingh, Arimardan
245 0 _aEssentials of international relations
260 _aNew Delhi
260 _bRamdom Publications
260 _c2019
300 _a332 p
650 _aNew Delhi
942 _cBK
999 _c40327
_d40327